| 000 | 00515nam a22001697a 4500 | ||
|---|---|---|---|
| 005 | 20251108173255.0 | ||
| 008 | 250721s2003 xx 000 0 ara d | ||
| 082 | 1 | 4 | _aق/عثم |
| 100 | 1 | _aعثمان، سعيد | |
| 245 | 1 | 0 | _aأحلى الليالي في ألف ليلة وليلة : ليالي الحب والعشق / |
| 264 |
_bمكتبة النافذة، _c2003. |
||
| 300 | _a219ص | ||
| 650 | 1 | 7 | _aالروايات العربية |
| 650 | 1 | 7 | _aشعر الغزل |
| 942 |
_2ddc _cBK |
||
| 999 |
_c100100 _d100100 |
||